Recent Advances in Obstetrics & Gynaecology No - 23 / (Record no. 7620)

MARC details
000 -LEADER
fixed length control field 00588pam a2200205 a 4500
020 ## - INTERNATIONAL STANDARD BOOK NUMBER
Terms of availability 1156.40
040 ## - CATALOGING SOURCE
Original cataloging agency Medical College Libr
041 ## - LANGUAGE CODE
Language code of text/sound track or separate title ENG
Language code of original ENG
082 ## - DEWEY DECIMAL CLASSIFICATION NUMBER
Classification number 618
Item number BON
100 ## - MAIN ENTRY--PERSONAL NAME
Personal name Bonner, John.
245 ## - TITLE STATEMENT
Title Recent Advances in Obstetrics & Gynaecology No - 23 /
Statement of responsibility, etc.
Medium Textual Documents
250 ## - EDITION STATEMENT
Edition statement 23rd /
Remainder of edition statement .
260 ## - PUBLICATION, DISTRIBUTION, ETC.
Place of publication, distribution, etc. :
Name of publisher, distributor, etc. Royal Society of Medicine Press Limited ,
Date of publication, distribution, etc. 2005.
300 ## - PHYSICAL DESCRIPTION
Extent 1264 :
Other physical details CXXXiV ;
Dimensions .
365 ## - TRADE PRICE
Price type code 1156.40
653 ## - INDEX TERM--UNCONTROLLED
Uncontrolled term Obst & Gynac
-- Medical Science
930 ## - EQUIVALENCE OR CROSS-REFERENCE-UNIFORM TITLE HEADING [LOCAL, CANADA]
Uniform title 7621
Holdings
Withdrawn status Lost status Damaged status Not for loan Home library Current library Date acquired Source of acquisition Cost, normal purchase price Total Checkouts Full call number Barcode Date last seen Copy number Price effective from Koha item type
        Medical College, Pune Medical College, Pune 25/03/2008 Bharati Madhyavarti Sahakari Grahak Bhandar Ltd. 1156.40   618 BON MCP-11760 06/02/2023 1 06/02/2023 Book